[Event "Guimaraes Open 2018"]
[Site "Guimaraes"]
[Date "2018.10.07"]
[Round "6"]
[White "Pintor, Simao Maciel Abranc"]
[Black "Monteiro, Paulo Alexandre Gom"]
[Result "1-0"]
[WhiteElo "2047"]
[BlackElo "1602"]
[Annotator "NA"]
[PlyCount "105"]
[EventDate "2018.10.04"]
[EventType "swiss"]
[EventCountry "POR"]
[SourceTitle "playchess.com"]
[Source "ChessBase"]
[SourceQuality "1"]
[TimeControl "5400+30"]

{[%evp 8,103,0,6,32767,-2,32767,32767,32767,32767,32767,32767,32767,-112,32767,-69,-66,32767,-104,-116,32767,-151,-104,32767,32767,-95,-80,32767,32767,32767,43,12,118,32767,32767,32767,121,32767,32767,74,32767,32767,32767,32767,318,32767,343,32767,335,32767,32767,32767,342,32767,32767,32767,32767,32767,32767,316,306,357,298,389,323,348,633,456,453,537,602,482,514,536,32767,32767,32767,32767,601,633,628,743,738,737,32767,32767,830,1051,32767,32767,32767,32767,32767,32767,32767,32767,1240,1912]} 1. e4 {[%emt 0:17:00]} c5 {[%emt 0:00:00]} 2. Nc3 {[%emt 0:00:06]} e6 {[%emt 0:00:00]} 3. f4 {[%emt 0:00:05]} d5 {[%emt 0:00:00]} 4. Nf3 {[%emt 0:00:06]} Nc6 {[%emt 0:00:20]} 5. Bb5 {[%emt 0:00:22]} Nf6 {[%emt 0:00:44]} 6. Bxc6+ {[%emt 0:02:26] LiveBook: 15 Games} bxc6 {[%emt 0:00:07]} 7. d3 {[%emt 0:00:45]} Be7 {[%emt 0:02:27]} 8. O-O {[%emt 0:00:11]} O-O {[%emt 0:00:42]} 9. Qe1 {[%emt 0:00:24] B23: Closed Sicilian: Lines without g3} Ba6 {[%emt 0:04:51]} 10. f5 {[%emt 0:02:12]} (10. e5 $11 Nd7 11. b3 (11. Qg3 f5 12. Kh1 Nb6 13. b3 c4 14. dxc4 dxc4 15. Rd1 Qc8 16. Bb2 c5 {0-1 (63) Hafiz,A (2324)-Karthikeyan,M (2580) New Delhi 2018})) 10... exf5 $146 {[%emt 0:03:07]} ({Predecessor:} 10... dxe4 11. Nxe4 exf5 12. Ng3 Bc8 13. Bg5 h6 14. Bd2 Re8 15. Bc3 c4 16. d4 f4 {0-1 (28) Oehen,R (1839)-Kelecevic,N (2214) Zuerich 2018}) 11. e5 {[%emt 0:00:44]} Ne8 {[%emt 0:16:30]} 12. Qg3 {[%emt 0:00:53]} Nc7 {[%emt 0:03:12]} 13. Ng5 {[%emt 0:02:22]} Qd7 {[%emt 0:06:25]} 14. Bd2 {[%emt 0:02:35]} (14. Qh3 $142 h6 15. Nf3) 14... Rab8 {[%emt 0:02:53]} 15. b3 {[%emt 0:00:51]} Rb4 {[%emt 0:07:56]} 16. h3 {[%emt 0:04:18]} h6 {[%emt 0:01:01]} 17. Nf3 {[%emt 0:04:07]} Kh7 {[%emt 0:02:05]} 18. Ne2 {[%emt 0:00:22]} Re4 {[%emt 0:04:28]} ({Better is} 18... Rbb8 $17) 19. Nf4 {[%emt 0:03:27]} Ne6 {[%emt 0:00:16]} (19... Rxf4 $1 $11 20. Qxf4 (20. Bxf4 c4 $14) 20... g5) 20. dxe4 {[%emt 0:02:01]} fxe4 {[%emt 0:02:08]} 21. Nh2 {[%emt 0:01:56]} Bxf1 {[%emt 0:00:16]} 22. Rxf1 {[%emt 0:00:04]} d4 {[%emt 0:02:29]} 23. Nxe6 {[%emt 0:00:32]} (23. Qg4 $18) 23... fxe6 {[%emt 0:04:51]} 24. Rxf8 {[%emt 0:00:12]} Bxf8 {[%emt 0:00:06]} 25. Qf4 {[%emt 0:00:49]} e3 {[%emt 0:00:33]} 26. Be1 {[%emt 0:00:49]} Qe8 {[%emt 0:03:06]} 27. Qe4+ {[%emt 0:01:09]} Kg8 {[%emt 0:00:30]} 28. c3 {[%emt 0:00:10]} Qd7 {[%emt 0:00:35]} 29. Nf3 {[%emt 0:00:07]} Qd5 {[%emt 0:01:45]} 30. Qxd5 {[%emt 0:00:30]} exd5 {[%emt 0:00:07]} 31. cxd4 {[%emt 0:00:05]} cxd4 {[%emt 0:00:05]} 32. Nxd4 {[%emt 0:00:09]} c5 {[%emt 0:00:12]} 33. Ne2 {[%emt 0:02:36]} d4 {[%emt 0:01:58]} 34. Nc1 {[%emt 0:00:06]} Kf7 {[%emt 0:00:37]} 35. Kf1 {[%emt 0:00:18]} Ke6 {[%emt 0:00:12]} 36. Nd3 {[%emt 0:00:05]} Kd5 $2 {[%emt 0:00:48]} (36... Be7 37. Ke2 Kd7) 37. Ke2 {[%emt 0:00:06]} Ke4 {[%emt 0:00:11]} 38. Ba5 {[%emt 0:00:32]} Kd5 {[%emt 0:01:17]} 39. Bc7 {[%emt 0:00:37]} g5 {[%emt 0:00:38]} 40. Bd8 {[%emt 0:01:20]} a6 {[%emt 0:01:44]} 41. g4 {[%emt 0:00:08]} Bg7 {[%emt 0:00:42]} 42. Be7 {[%emt 0:00:17]} Bxe5 {[%emt 0:00:24]} 43. Bxc5 {[%emt 0:00:23]} Bg7 {[%emt 0:00:49]} 44. a4 {[%emt 0:00:14]} Kc6 {[%emt 0:01:12]} 45. b4 {[%emt 0:00:09]} Kb7 {[%emt 0:02:02]} 46. Nc1 {[%emt 0:00:12]} Kc6 {[%emt 0:00:16]} 47. Kd3 {[%emt 0:00:05]} a5 {[%emt 0:00:31]} 48. Nb3 {[%emt 0:01:10]} axb4 {[%emt 0:00:08]} 49. Bxb4 {[%emt 0:00:30]} Kd5 {[%emt 0:00:18]} 50. Bc5 {[%emt 0:00:15]} e2 {[%emt 0:00:41]} 51. Kxe2 {[%emt 0:00:05]} Kc4 {[%emt 0:00:04] [#]} 52. Nxd4 $18 {[%emt 0:01:06]} Be5 {[%emt 0:01:07]} 53. Nf3 {[%emt 0:00:43]} 1-0

[Event "Guimaraes Open 2018"]
[Site "Guimaraes"]
[Date "2018.10.07"]
[Round "6"]
[White "Fidalgo, Daniel Neves"]
[Black "Costa, Paulo Jorge Lopes d"]
[Result "0-1"]
[WhiteElo "2018"]
[BlackElo "2191"]
[Annotator "NA"]
[PlyCount "74"]
[EventDate "2018.10.04"]
[EventType "swiss"]
[EventCountry "POR"]
[SourceTitle "playchess.com"]
[Source "ChessBase"]
[SourceQuality "1"]
[TimeControl "5400+30"]

1. c4 {[%emt 0:00:00]} Nf6 {[%emt 0:04:00]} 2. Nc3 {[%emt 0:00:15]} e6 {[%emt 0:00:10]} 3. e4 {[%emt 0:00:42]} c5 {[%emt 0:00:21]} 4. f4 {[%emt 0:11:35]} d6 {[%emt 0:06:06] LiveBook: 4 Partien A19: English Opening: Flohr-Mikenas System with 3...c5} (4... Nc6 5. Nf3 d5 6. e5 d4 7. exf6 dxc3 8. fxg7 cxd2+ 9. Bxd2 Bxg7 10. Qc2 Qb6 11. Bc3 Nd4 12. Bxd4 cxd4 {1-0 (31) Eljanov,P (2719)-L'Ami,E (2618) Doha 2014}) 5. g3 {[%emt 0:03:53]} Nc6 {[%emt 0:01:11]} 6. Bg2 {[%emt 0:00:36]} Be7 {[%emt 0:00:37]} 7. Nge2 {[%emt 0:01:07]} O-O {[%emt 0:00:50]} 8. O-O {[%emt 0:00:58]} a6 {[%emt 0:00:57]} 9. b3 {[%emt 0:07:49]} Qc7 {[%emt 0:07:04]} 10. h3 {[%emt 0:01:22]} Rb8 {[%emt 0:00:39]} 11. a4 $146 {[%emt 0:02:40]} ({Predecessor:} 11. d4) 11... b6 {[%emt 0:11:45]} 12. Kh1 {[%emt 0:19:20]} Bb7 {[%emt 0:01:16]} 13. d4 {[%emt 0:00:27]} cxd4 {[%emt 0:01:14]} 14. Nxd4 {[%emt 0:00:21]} Nxd4 {[%emt 0:04:36]} 15. Qxd4 {[%emt 0:00:51]} Nd7 {[%emt 0:00:15]} 16. Ba3 {[%emt 0:08:02]} Nc5 {[%emt 0:02:25]} 17. Bxc5 {[%emt 0:03:21]} (17. Rab1 $11) 17... bxc5 {[%emt 0:01:08]} 18. Qd3 {[%emt 0:00:29]} Bf6 {[%emt 0:02:43]} 19. Rab1 {[%emt 0:00:46]} Bc6 {[%emt 0:01:24]} 20. g4 {[%emt 0:05:21]} h6 {[%emt 0:05:51]} 21. g5 {[%emt 0:10:36]} hxg5 {[%emt 0:01:01]} 22. fxg5 {[%emt 0:00:24]} Be5 {[%emt 0:00:27]} 23. h4 {[%emt 0:01:01]} Qe7 {[%emt 0:02:51]} 24. Nd1 {[%emt 0:02:16]} (24. Ne2 $17 {keeps fighting.}) 24... g6 $17 {[%emt 0:03:16]} (24... f6 $19 25. gxf6 Rxf6 26. Rxf6 Qxf6) 25. Ne3 {[%emt 0:03:52]} f6 {[%emt 0:07:10]} 26. Ng4 {[%emt 0:00:11]} fxg5 {[%emt 0:00:48]} 27. Nxe5 {[%emt 0:00:07]} dxe5 {[%emt 0:00:09]} 28. Qg3 {[%emt 0:00:10]} Rf4 {[%emt 0:03:14]} 29. hxg5 {[%emt 0:04:35]} Rbf8 {[%emt 0:03:00]} 30. Rfe1 {[%emt 0:03:21]} Qh7+ {[%emt 0:08:56]} 31. Kg1 {[%emt 0:00:05]} Qh5 {[%emt 0:00:02]} 32. Qh3 {[%emt 0:01:59]} Rg4 {[%emt 0:04:38]} 33. Qxh5 {[%emt 0:00:32]} gxh5 {[%emt 0:00:02]} 34. b4 {[%emt 0:01:44]} h4 {[%emt 0:03:59]} 35. b5 {[%emt 0:01:55]} h3 {[%emt 0:01:26]} 36. bxc6 {[%emt 0:00:04]} Rxg2+ {[%emt 0:00:06]} 37. Kh1 {[%emt 0:00:04]} Rff2 0-1

[Event "Guimaraes Open 2018"]
[Site "Guimaraes"]
[Date "2018.10.07"]
[Round "6"]
[White "Silva, Goncalo Nuno Neto P"]
[Black "Herrera Reyes, Jose Antonio"]
[Result "1/2-1/2"]
[WhiteElo "1996"]
[BlackElo "2343"]
[Annotator "NA"]
[PlyCount "94"]
[EventDate "2018.10.04"]
[EventType "swiss"]
[EventCountry "POR"]
[SourceTitle "playchess.com"]
[Source "ChessBase"]
[SourceQuality "1"]
[TimeControl "5400+30"]

{[%evp 8,76,49,18,30,25,32767,32767,32767,32767,32767,32767,32767,32767,32767,-28,-18,-14,32767,-15,-8,-47,-26,-33,-5,-86,-48,-87,32767,-57,-48,-82,-35,-61,32767,-105,-41,-59,32767,-45,-26,-31,-34,-95,131,128,125,101,145,136,32767,214,227,228,32767,269,240,221,252,157,165,156,177,237,225,32767,32767,152,328,32767,428]} 1. e4 {[%emt 0:00:15]} c5 {[%emt 0:00:00]} 2. Nf3 {[%emt 0:00:03]} e6 {[%emt 0:00:00]} 3. g3 {[%emt 0:00:06]} b6 {[%emt 0:00:02]} 4. Bg2 {[%emt 0:00:09]} Bb7 {[%emt 0:00:06]} 5. d3 {[%emt 0:01:06] LiveBook: 170 Games} Qc7 {[%emt 0:00:03] B40: Sicilian: 2...e6, Unusual lines} (5... d6 6. O-O g6 7. Re1 Bg7 8. d4 cxd4 9. Nxd4 a6 10. Nc3 Ne7 11. Bg5 O-O 12. Qd2 Qc7 13. Bh6 {0-1 (38) Haddouche,M (2505)-Almasi,Z (2682) Riadh 2017}) 6. Nc3 {[%emt 0:00:22]} a6 {[%emt 0:00:05]} 7. O-O {[%emt 0:00:52]} d6 {[%emt 0:00:07]} 8. a4 {[%emt 0:00:07]} Nd7 {[%emt 0:00:07]} 9. d4 {[%emt 0:00:11]} cxd4 {[%emt 0:00:21]} 10. Qxd4 $146 {[%emt 0:02:37]} ({Predecessor:} 10. Nxd4 Ngf6 11. Kh1 Be7 {0-1 (44) Martin,T (2221)-Schramm,C (2325) Bayern 2011}) 10... Ngf6 {[%emt 0:00:18]} 11. Rd1 {[%emt 0:09:46]} Be7 {[%emt 0:00:30]} 12. Be3 {[%emt 0:06:27]} O-O {[%emt 0:00:59]} 13. h3 {[%emt 0:18:03]} Rac8 {[%emt 0:00:45]} 14. g4 {[%emt 0:03:59]} Rfe8 {[%emt 0:06:37]} 15. g5 {[%emt 0:06:55]} Nh5 {[%emt 0:00:06]} 16. Qd2 {[%emt 0:00:35]} (16. h4 $11 {remains equal.}) 16... g6 {[%emt 0:00:26]} 17. Rac1 {[%emt 0:02:42]} (17. Qd4 $11) 17... Qb8 {[%emt 0:00:55]} 18. Nh2 {[%emt 0:00:47]} Ne5 {[%emt 0:05:37]} 19. b3 {[%emt 0:00:46]} f5 {[%emt 0:01:11]} 20. gxf6 {[%emt 0:03:46]} Nxf6 {[%emt 0:02:41]} 21. f4 {[%emt 0:03:17]} Nf7 {[%emt 0:02:00]} (21... Ned7 $17 22. Ng4 Qc7) 22. Ng4 {[%emt 0:02:01]} Qa8 {[%emt 0:04:27]} 23. Nxf6+ {[%emt 0:14:13]} Bxf6 {[%emt 0:00:02]} 24. Bd4 {[%emt 0:00:16]} e5 {[%emt 0:01:33]} 25. Bxb6 {[%emt 0:00:12]} Rxc3 $2 {[%emt 0:01:57]} (25... exf4 $17 {and life is bright.} 26. Nd5 Bxd5 27. Qxd5 Qxd5 28. Rxd5 Bg5) 26. Qxc3 {[%emt 0:00:35]} Bxe4 {[%emt 0:00:02]} 27. Bxe4 {[%emt 0:01:32]} Qxe4 {[%emt 0:00:02] [#]} 28. Rf1 $1 {[%emt 0:00:01]} Qf5 {[%emt 0:03:20] [#]} 29. fxe5 $1 {[%emt 0:07:02]} Qg5+ {[%emt 0:00:31]} 30. Kh1 {[%emt 0:02:06]} Rxe5 {[%emt 0:01:26]} 31. Qc8+ {[%emt 0:00:22]} Kg7 {[%emt 0:00:09]} 32. Qg4 {[%emt 0:00:09]} Qd2 {[%emt 0:03:01]} 33. Rcd1 {[%emt 0:00:52]} (33. Qf3 $18 Re6 34. Rcd1 Qxc2 35. Rde1) 33... Qxc2 {[%emt 0:01:32]} 34. Bd4 {[%emt 0:00:17]} h5 {[%emt 0:01:08] [#]} 35. Qf3 $1 {[%emt 0:00:20]} Rf5 {[%emt 0:00:02]} 36. Bxf6+ {[%emt 0:00:02]} Kxf6 {[%emt 0:00:07]} 37. Qd5 {[%emt 0:02:23]} Qe2 $2 {[%emt 0:04:06]} (37... Ne5 $16 {ist eine bessere Verteidigung.}) 38. Qd4+ {[%emt 0:03:04]} Ne5 $18 {[%emt 0:03:55]} 39. Qxd6+ {[%emt 0:07:39]} Kg7 {[%emt 0:00:00]} 40. Rxf5 {[%emt 0:00:13]} Qe4+ {[%emt 0:00:01]} 41. Kg1 {[%emt 0:00:03]} Qxf5 {[%emt 0:00:41]} 42. Qc7+ {[%emt 0:00:51]} Kh6 {[%emt 0:00:26]} 43. Qc1+ {[%emt 0:00:02]} Kg7 {[%emt 0:00:21]} 44. Qc7+ {[%emt 0:02:44]} Kh6 {[%emt 0:00:02]} 45. Qc1+ {[%emt 0:00:33]} Kg7 {[%emt 0:00:04]} 46. Qc7+ {[%emt 0:02:02]} Kh6 {[%emt 0:01:38]} 47. Qc1+ {[%emt 0:00:01]} Kg7 {[%emt 0:00:06]} 1/2-1/2

[Event "Guimaraes Open 2018"]
[Site "Guimaraes"]
[Date "2018.10.07"]
[Round "6"]
[White "Barbosa, Paulo Jorge Pereira"]
[Black "Gama, Joao Goncalo Cereje"]
[Result "1/2-1/2"]
[WhiteElo "1982"]
[BlackElo "1598"]
[Annotator "NA"]
[PlyCount "64"]
[EventDate "2018.10.04"]
[EventType "swiss"]
[EventCountry "POR"]
[SourceTitle "playchess.com"]
[Source "ChessBase"]
[SourceQuality "1"]
[TimeControl "5400+30"]

1. c4 {[%emt 0:00:29]} c5 {[%emt 0:00:00]} 2. g3 {[%emt 0:00:06]} g6 {[%emt 0:00:00]} 3. Bg2 {[%emt 0:00:09]} Bg7 {[%emt 0:00:05]} 4. Nc3 {[%emt 0:00:35]} Nc6 {[%emt 0:00:58]} 5. Nf3 {[%emt 0:00:27]} Nf6 {[%emt 0:00:43]} 6. O-O {[%emt 0:00:13]} O-O {[%emt 0:00:05]} 7. d4 {[%emt 0:00:02]} cxd4 {[%emt 0:11:14]} 8. Nxd4 {[%emt 0:00:07]} Ne5 {[%emt 0:01:22]} 9. b3 {[%emt 0:01:59] LiveBook: 4 Games} d6 {[%emt 0:08:07]} 10. Bb2 {[%emt 0:04:04]} Rb8 {[%emt 0:03:13]} 11. Rc1 {[%emt 0:01:57] E65: Königsindisch (Jugoslawische Variante)} (11. h3 Bd7 12. Qd2 h5 13. f4 Nc6 14. Nxc6 Bxc6 15. Rfd1 Bxg2 16. Kxg2 Re8 17. e4 Qc8 18. Qe2 b6 {0-1 (34) Valov,I (2213)-Andriasian,Z (2622) St Petersburg 2014}) 11... Bd7 {[%emt 0:01:53]} 12. e3 {[%emt 0:06:59]} Qc8 $146 {[%emt 0:09:41]} ({Vorgänger:} 12... a6 13. Nce2 Re8 14. a3 Qb6 15. Bc3 Rec8 16. Qd2 Qd8 {0-1 (56) Makhnev,P (1519)-Drygalov,S (2224) Nizhny Tagil 2014}) 13. Nd5 {[%emt 0:00:46]} Re8 {[%emt 0:01:33]} 14. Ba3 {[%emt 0:03:53]} Nxd5 {[%emt 0:06:32]} 15. cxd5 {[%emt 0:03:56]} Qd8 {[%emt 0:00:05]} 16. Qd2 {[%emt 0:01:06]} Qb6 {[%emt 0:03:01]} 17. Bb4 {[%emt 0:02:14]} Rbc8 {[%emt 0:05:51]} 18. Rfd1 {[%emt 0:01:58]} a6 {[%emt 0:03:07]} 19. Ba5 {[%emt 0:01:09]} Qa7 {[%emt 0:00:08]} 20. h3 {[%emt 0:03:55]} b6 {[%emt 0:03:17]} (20... Rxc1 $14 21. Rxc1 Rc8) 21. Bc3 {[%emt 0:00:22]} g5 {[%emt 0:03:17]} 22. f4 {[%emt 0:06:28]} gxf4 {[%emt 0:01:03]} 23. gxf4 {[%emt 0:00:32]} (23. exf4 $18 b5 24. Kh2 (24. fxe5 dxe5 25. Kf1 exd4 $11)) 23... Ng6 {[%emt 0:00:17]} 24. Nc6 {[%emt 0:02:00]} Bxc3 {[%emt 0:02:38]} 25. Rxc3 {[%emt 0:00:52]} (25. Nxa7 $2 {perishes.} Bxd2 26. Nxc8 Bxe3+ 27. Kh1 Rxc8 $19) 25... Bxc6 {[%emt 0:00:06]} 26. dxc6 {[%emt 0:00:42]} b5 {[%emt 0:00:47]} 27. Kh2 {[%emt 0:02:44]} Kh8 $18 {[%emt 0:02:00]} 28. Qb2 {[%emt 0:01:54]} f6 {[%emt 0:01:26]} 29. Rcd3 {[%emt 0:07:07]} Rg8 {[%emt 0:02:05]} 30. R1d2 {[%emt 0:03:26]} Nh4 {[%emt 0:02:48]} 31. Bh1 {[%emt 0:01:03]} Nf5 {[%emt 0:01:01]} 32. Re2 {[%emt 0:00:50]} Ng3 {[%emt 0:01:28]} 1/2-1/2

[Event "Guimaraes Open 2018"]
[Site "Guimaraes"]
[Date "2018.10.07"]
[Round "6"]
[White "Machado, Tomas Dias"]
[Black "Dias, Ivo Rodrigues"]
[Result "1/2-1/2"]
[WhiteElo "1966"]
[BlackElo "2174"]
[Annotator "NA"]
[PlyCount "35"]
[EventDate "2018.10.04"]
[EventType "swiss"]
[EventCountry "POR"]
[SourceTitle "playchess.com"]
[Source "ChessBase"]
[SourceQuality "1"]
[TimeControl "5400+30"]

1. e4 {[%emt 0:00:18]} c5 {[%emt 0:00:49]} 2. Nf3 {[%emt 0:00:14]} e6 {[%emt 0:00:24]} 3. d4 {[%emt 0:00:11]} cxd4 {[%emt 0:00:04]} 4. Nxd4 {[%emt 0:00:08]} a6 {[%emt 0:00:44]} 5. Bd3 {[%emt 0:00:50]} Nf6 {[%emt 0:00:18]} 6. O-O {[%emt 0:01:31]} d6 {[%emt 0:00:15]} 7. b3 {[%emt 0:02:32]} Be7 {[%emt 0:00:17]} 8. Bb2 {[%emt 0:00:57]} O-O {[%emt 0:00:37]} 9. Nd2 {[%emt 0:03:58]} Qc7 {[%emt 0:01:03]} 10. c4 {[%emt 0:00:44]} Nbd7 {[%emt 0:00:24]} 11. Qe2 {[%emt 0:01:59] B42: Sicilian: Kan Variation: 5 Bd3} Re8 {[%emt 0:01:56] LiveBook: 3 Games} 12. Rae1 {[%emt 0:03:25]} Bf8 {[%emt 0:06:38]} 13. Bc2 $146 {[%emt 0:06:17]} ({Predecessor:} 13. Kh1 b6 14. Bb1 Bb7 15. f4 g6 16. N4f3 e5 17. f5 Bg7 18. Ng5 Bc6 19. Rf3 {½-½ (19) Hernandez Guerrero,G (2531)-Klaasen,C (2143) Durban 2014}) 13... b5 {[%emt 0:04:42]} 14. Bb1 {[%emt 0:10:50]} bxc4 {[%emt 0:07:33]} 15. Qxc4 {[%emt 0:07:40]} Qa5 {[%emt 0:01:53]} 16. b4 {[%emt 0:10:51]} Qh5 {[%emt 0:01:13]} 17. Re3 {[%emt 0:04:58]} Ne5 $11 {[%emt 0:20:39]} ({Don't go for} 17... Ng4 $2 18. Rh3 $18) 18. Qc2 {[%emt 0:05:03]} 1/2-1/2

[Event "Guimaraes Open 2018"]
[Site "Guimaraes"]
[Date "2018.10.07"]
[Round "6"]
[White "Bazan Solera, Manuel"]
[Black "Pinto, Andre Jorge Pimpare"]
[Result "1-0"]
[WhiteElo "1932"]
[BlackElo "1309"]
[Annotator "NA"]
[PlyCount "51"]
[EventDate "2018.10.04"]
[EventType "swiss"]
[EventCountry "POR"]
[SourceTitle "playchess.com"]
[Source "ChessBase"]
[SourceQuality "1"]
[TimeControl "5400+30"]

{[%evp 11,51,-17,51,32767,32767,32767,32767,338,358,32767,32767,32767,32767,32767,656,714,32767,32767,32767,714,32767,32767,1020,32767,32767,32767,1363,32767,1481,1902,32767,1653,1761,2102,29992,32767,2680,32767,29993,29994,32767,29995]} 1. Nf3 {[%emt 0:00:00]} d5 {[%emt 0:07:46]} 2. d4 {[%emt 0:00:06]} Bf5 {[%emt 0:01:14]} 3. g3 {[%emt 0:00:12]} e6 {[%emt 0:00:43] D02: 1 d4 d5 2 Nf3 sidelines, including 2...Nf6 3 g3 and 2...Nf6 3 Bf4} (3... Nf6 4. Bg2 e6 5. O-O Bd6 6. c4 c6 7. Nc3 Nbd7 8. Nd2 O-O 9. e4 dxe4 10. Ndxe4 Nxe4 11. Nxe4 Bxe4 12. Bxe4 Nf6 13. Bf3 Qa5 14. Qb3 Qb6 15. Qc2 c5 16. dxc5 Bxc5 {½-½ (72) Zhou,J (2620)-Li,C (2758) Wuxi 2016}) 4. Bg2 {[%emt 0:00:05]} c5 {[%emt 0:00:43]} 5. O-O {[%emt 0:00:30]} Nc6 {[%emt 0:01:05]} 6. c3 {[%emt 0:02:49]} Qa5 $146 {[%emt 0:05:48]} (6... Nf6 $11) ({Predecessor:} 6... h6 7. dxc5 Bxc5 8. Nd4 Bg6 9. Nxc6 bxc6 10. Qa4 Qd7 11. e4 Nf6 {0-1 (64) Djukic,B (2280)-Trkulja,G (2390) Sarajevo 2013}) 7. dxc5 {[%emt 0:06:27]} Bxb1 {[%emt 0:01:22]} 8. b4 {[%emt 0:00:19]} Qa6 {[%emt 0:02:51]} 9. Rxb1 {[%emt 0:00:56]} Qxa2 {[%emt 0:00:09]} 10. Nd2 {[%emt 0:02:12]} Ne5 {[%emt 0:01:50]} 11. Rb2 {[%emt 0:03:31]} Qa6 {[%emt 0:01:09]} 12. Re1 {[%emt 0:13:45]} Nc4 $2 {[%emt 0:03:01]} (12... Nf6 13. e4 Nd3) 13. Nxc4 {[%emt 0:00:11]} Qxc4 {[%emt 0:00:07]} 14. Qa4+ {[%emt 0:00:06]} Kd8 {[%emt 0:00:46]} 15. Qa5+ {[%emt 0:00:41]} Kc8 {[%emt 0:02:10]} 16. Bf4 {[%emt 0:01:09]} b6 {[%emt 0:01:34]} 17. cxb6 {[%emt 0:02:01]} Kb7 {[%emt 0:00:55]} 18. Ra2 {[%emt 0:00:43]} a6 {[%emt 0:05:11]} 19. e4 {[%emt 0:02:29]} Ne7 {[%emt 0:03:23]} 20. Bf1 {[%emt 0:01:09]} Nc6 {[%emt 0:01:58]} 21. Qa3 {[%emt 0:01:21]} Qxa2 {[%emt 0:03:04]} 22. Qxa2 {[%emt 0:00:38]} dxe4 {[%emt 0:01:05]} 23. Bc7 {[%emt 0:01:14]} Be7 {[%emt 0:01:16]} 24. Bg2 {[%emt 0:00:23]} Bd8 {[%emt 0:00:51]} 25. Bxe4 {[%emt 0:01:07]} Bxc7 {[%emt 0:00:20]} 26. Qc4 {[%emt 0:00:59]} 1-0

[Event "Guimaraes Open 2018"]
[Site "Guimaraes"]
[Date "2018.10.07"]
[Round "6"]
[White "Marques, Ricardo Taborda Tri"]
[Black "Rey Malde, Henrique"]
[Result "0-1"]
[WhiteElo "1881"]
[BlackElo "2177"]
[Annotator "NA"]
[PlyCount "52"]
[EventDate "2018.10.04"]
[EventType "swiss"]
[EventCountry "POR"]
[SourceTitle "playchess.com"]
[Source "ChessBase"]
[SourceQuality "1"]
[TimeControl "5400+30"]

1. e4 {[%emt 0:00:00]} c5 {[%emt 0:06:58]} 2. Nf3 {[%emt 0:00:00]} d6 {[%emt 0:00:09]} 3. d4 {[%emt 0:00:00]} cxd4 {[%emt 0:00:10]} 4. Nxd4 {[%emt 0:00:00]} Nf6 {[%emt 0:00:14]} 5. Nc3 {[%emt 0:00:00]} g6 {[%emt 0:00:09]} 6. Be3 {[%emt 0:00:05]} Bg7 {[%emt 0:00:13]} 7. f3 {[%emt 0:00:09]} O-O {[%emt 0:00:10]} 8. Qd2 {[%emt 0:00:03]} Nc6 {[%emt 0:00:08]} 9. O-O-O {[%emt 0:00:08]} d5 {[%emt 0:00:18]} 10. Qe1 {[%emt 0:00:10]} e5 {[%emt 0:00:30]} 11. Nxc6 {[%emt 0:00:05]} bxc6 {[%emt 0:00:03]} 12. exd5 {[%emt 0:00:07]} Nxd5 {[%emt 0:00:25]} 13. Bc4 {[%emt 0:00:07]} Be6 {[%emt 0:00:37]} 14. Ne4 {[%emt 0:00:12] LiveBook: 159 Partien} Qc7 {[%emt 0:01:16]} 15. Bc5 {[%emt 0:00:11]} Rfd8 {[%emt 0:00:20]} 16. g4 {[%emt 0:00:28]} Nf4 {[%emt 0:03:39]} 17. Bxe6 {[%emt 0:14:03] B76: Sicilian Dragon: Yugoslav Attack, 9 g4 and 9 0-0-0} (17. Qc3 Rd4 18. Bxd4 exd4 19. Qb4 d3 20. Bxe6 Ne2+ 21. Kb1 Rb8 22. Bxf7+ Kh8 23. Qxb8+ Qxb8 24. c3 Nxc3+ 25. Nxc3 Bxc3 {1-0 (41) Svidler,P (2738)-Radjabov,T (2744) Sochi 2008 CBM 126 [Ftacnik,L]}) 17... Nxe6 {[%emt 0:00:06]} 18. Be3 {[%emt 0:12:46] [#]} Rd5 $146 {[%emt 0:07:47]} ({Predecessor:} 18... Rxd1+ 19. Qxd1 Qa5 20. Kb1 Rb8 21. c3 Nc7 22. Qd6 Bf8 23. Qxc6 Nb5 24. Ka1 Bg7 {1-0 (35) Gascon del Nogal,J (2268)-Alsina Leal,D (2538) Barcelona 2013}) 19. Qh4 {[%emt 0:05:24]} Rad8 {[%emt 0:14:13]} 20. Bh6 {[%emt 0:14:44]} Nd4 {[%emt 0:12:48]} 21. Rxd4 {[%emt 0:03:37]} exd4 {[%emt 0:00:30]} 22. Bxg7 {[%emt 0:02:52]} (22. Kd1 {war angesagt.}) 22... Kxg7 {[%emt 0:00:09]} 23. g5 {[%emt 0:00:31]} (23. Qf6+ {was necessary.} Kg8 24. h4) 23... Rf5 {[%emt 0:08:19]} 24. Qh6+ {[%emt 0:02:35]} Kh8 {[%emt 0:00:05]} 25. Nf6 {[%emt 0:00:42]} (25. Qh4 $142) 25... Qf4+ {[%emt 0:00:08]} 26. Kb1 {[%emt 0:00:28]} Rxf6 $19 {[%emt 0:00:07]} 0-1